书目信息 |
| 题名: |
建筑设备安装工程概预算
|
|
| 作者: | 赵海成 主编 | |
| 分册: | ||
| 出版信息: | 北京 北京理工大学出版社有限责任公司 2020.7 |
|
| 页数: | 267页 | |
| 开本: | 26cm | |
| 丛书名: | ||
| 单 册: | ||
| 中图分类: | TU723.34 | |
| 科图分类: | ||
| 主题词: | 房屋建筑设备--建筑安装--建筑概算定额 , 房屋建筑设备--建筑安装--建筑预算定额 | |
| 电子资源: | ||
| ISBN: | 978-7-5682-8780-7 | |
| 000 | 01092nam0 2200253 45 | |
| 001 | 012001001796 | |
| 005 | 20211013152541.53 | |
| 010 | @a978-7-5682-8780-7@dCNY68.00 | |
| 100 | @a20201030d2020 em y0chiy50 ea | |
| 101 | 0 | @achi |
| 102 | @aCN@b110000 | |
| 105 | @ay z 000yy | |
| 106 | @ar | |
| 200 | 1 | @a建筑设备安装工程概预算@Ajian zhu she bei an zhuang gong cheng gai yu suan@b专著@f赵海成主编 |
| 205 | @a3版 | |
| 210 | @a北京@c北京理工大学出版社有限责任公司@d2020.7 | |
| 215 | @a267页@d26cm | |
| 330 | @a本书共十二章,主要内容包括建筑设备安装工程概预算概论,建筑安装工程造价构成,建筑安装工程定额体系,工程量清单计价,电气设备安装工程工程量计算,给水排水、采暖、燃气及其他工程工程量计算,通风空调工程工程量计算,刷油、防腐蚀、绝热工程工程量计算,投资估算编制,设计概算编制与审査,施工图预算,工程竣工结算与决算等。 | |
| 606 | 0 | @a房屋建筑设备@x建筑安装@x建筑概算定额 |
| 606 | 0 | @a房屋建筑设备@x建筑安装@x建筑预算定额 |
| 690 | @aTU723.34@v5 | |
| 701 | 0 | @a赵海成@Azhao hai cheng@c(职业教育)@4主编 |
| 801 | 0 | @aCN@bBJSDL@c20211011 |
| 905 | @b1337248-51@dTU723.34@e1980=3@f4 | |
| 建筑设备安装工程概预算/赵海成主编.-3版.-北京:北京理工大学出版社有限责任公司,2020.7 |
| 267页;26cm |
| ISBN 978-7-5682-8780-7:CNY68.00 |
| 本书共十二章,主要内容包括建筑设备安装工程概预算概论,建筑安装工程造价构成,建筑安装工程定额体系,工程量清单计价,电气设备安装工程工程量计算,给水排水、采暖、燃气及其他工程工程量计算,通风空调工程工程量计算,刷油、防腐蚀、绝热工程工程量计算,投资估算编制,设计概算编制与审査,施工图预算,工程竣工结算与决算等。 |
| ● |
| 相关链接 |
|
|
|
|
正题名:建筑设备安装工程概预算
索取号:TU723.34/1980=3
 
预约/预借
| 序号 | 登录号 | 条形码 | 馆藏地/架位号 | 状态 | 备注 |
| 1 | 1337248 | 213372483 | 第二样本阅览室/ [索取号:TU723.34/1980=3] | 在馆 | |
| 2 | 1337249 | 213372492 | 第三借阅区/ [索取号:TU723.34/1980=3] | 在馆 | |
| 3 | 1337250 | 213372508 | 第三借阅区/ [索取号:TU723.34/1980=3] | 在馆 | |
| 4 | 1337251 | 213372517 | 第三借阅区/ [索取号:TU723.34/1980=3] | 在馆 |